Toxic and hazardous waste disposal Volume 4 New and promising ultimate disposal optinons

Uložené v:
Podrobná bibliografia
Ďalší autori: Pojasek, Robert B. (Editor)
Médium: Kniha
Jazyk:English
Vydané: Michigan : Ann Arbor Science, 1980.
ISBN: (viaz.)
Fyzický popis: 313 s.
Tagy: Pridať tag
Žiadne tagy, Buďte prvý kto otaguje tento záznam!

MARC

LEADER 00000nam a2200000 a 4500
001 000219921
005 20121010174544.0
008 020731s1980 xxu e eng d
020 |a (viaz.)  |c Kčs 1550,00 
040 |a SVKKK  |b slo  |c SVKKK  |e AACR2 
041 0 |a eng 
044 |a xxu  |c US 
245 0 0 |a Toxic and hazardous waste disposal  |n Volume 4  |p New and promising ultimate disposal optinons  |c edited by Robert B. Pojasek. 
246 3 0 |a New and promising ultimate disposal optinons 
260 |a Michigan :  |b Ann Arbor Science,  |c 1980. 
300 |a 313 s. 
700 1 |a Pojasek, Robert B.  |4 edt 
910 |a svkkk 
998 |a BK 
090 |g SCKHL  |k Sklad Pribinova prízemie  |a IV.126601  |j 704580  |i 219921-10  |s Absenčne